书目信息 |
| 题名: |
即学即用CorelDRAW!6 for windows95
|
|
| 作者: | Bain 著 | |
| 分册: | ||
| 出版信息: | 北京 电子工业出版社 1998.05 |
|
| 页数: | 499页 | |
| 开本: | 16开 | |
| 丛书名: | ||
| 单 册: | ||
| 中图分类: | TP391.41 | |
| 科图分类: | ||
| 主题词: | 计算机应用 | |
| 电子资源: | ||
| ISBN: | 7-5053-4385-8 | |
| 000 | 00579nam0 2200193 45 | |
| 001 | 0005161528 | |
| 005 | 20000516152833.0 | |
| 010 | @a7-5053-4385-8@d54.00元 | |
| 100 | @a20000516d1998 km y0chiy0120 ea | |
| 101 | @achi | |
| 105 | @a z 000yy | |
| 200 | 1 | @a即学即用CorelDRAW!6 for windows95@AJi Xue Ji Yong CorelDRAW!6 for windows95@f(美) Bain著@F(Mei) Bain Zhu |
| 210 | @a北京@c电子工业出版社@d1998.05 | |
| 215 | @a499页@d16开 | |
| 606 | 0 | @a计算机应用 |
| 690 | @aTP391.41@v3 | |
| 701 | @a Bain@4著 | |
| 801 | @aCN@bPftUser@c20000516 | |
| 905 | @f3@b55316-318@dTP391.41@eF693 | |
| 即学即用CorelDRAW!6 for windows95/(美) Bain著.-北京:电子工业出版社,1998.05 |
| 499页;16开 |
| ISBN 7-5053-4385-8:54.00元 |
| ● |
| 相关链接 |
|
|
|
正题名:即学即用CorelDRAW!6 for windows95
索取号:TP391.41/F693
 
预约/预借
| 序号 | 登录号 | 条形码 | 馆藏地/架位号 | 状态 | 备注 |
| 1 | 55316 | 200553169 | 期刊室512/301自科库 95排2列5层/ [索取号:TP391.41/F693] | 在馆 | |
| 2 | 55317 | 200553178 | 自科库301/301自科库 95排2列5层/ [索取号:TP391.41/F693] | 在馆 | |
| 3 | 55318 | 200553187 | 自科库301/301自科库 62排6列1层/ [索取号:TP391.41/F693] | 在馆 |